Statistics for Name the Major Somali clans of Somalia

Click here to take the quiz!

General Stats

  • This quiz has been taken 4 times
  • The average score is 4 of 6

Answer Stats

Hint Answer % Correct
IsqIsaaq
100%
DrdDarood
100%
HyeHawiye
75%
DrDir
50%
RxnRaxanweyn
50%
GbyGabooye
0%

Score Distribution

Percentile by Number Answered

Percent of People with Each Score

Your Score History

You have not taken this quiz